Statistics for [路線図付き] JR東日本 横須賀線 駅名穴埋めクイズ

Click here to take the quiz!

General Stats

  • This quiz has been taken 495 times
  • The average score is 17 of 19

Answers on the Map

Answers color-coded by a green-red scale on the quiz's map according to % correct below.
 

Answer Stats

Answer% Correct
横須賀線JO19東京
98%
横須賀線JO17品川
97%
横須賀線JO13横浜
97%
横須賀線JO18新橋
96%
横須賀線JO09大船
95%
横須賀線JO15武蔵小杉
94%
横須賀線JO03横須賀
93%
横須賀線JO14新川崎
92%
横須賀線JO01久里浜
92%
横須賀線JO07鎌倉
92%
横須賀線JO10戸塚
91%
横須賀線JO06逗子
90%
横須賀線JO16西大井
90%
横須賀線JO11東戸塚
88%
横須賀線JO08北鎌倉
87%
横須賀線JO12保土ヶ谷
85%
横須賀線JO04田浦
76%
横須賀線JO02衣笠
72%
横須賀線JO05東逗子
72%

Score Distribution

Percentile by Number Answered

Percent of People with Each Score

Your Score History

You have not taken this quiz